Central Library and Information Centre
Sibsagar Girls' College, Sivasagar : Assam

PRASIN BHARATAR BIGYAN ARU PRAJUKTI BIDYA (Record no. 16149)

MARC details
000 -LEADER
fixed length control field 00432cam a2200169ua 4500
008 - FIXED-LENGTH DATA ELEMENTS--GENERAL INFORMATION
fixed length control field 060101n II |||gr||||Z||||||asm
040 ## - CATALOGING SOURCE
Original cataloging agency MAIN
041 ## - LANGUAGE CODE
-- English
082 ## - DEWEY DECIMAL CLASSIFICATION NUMBER
Classification number 500 GOS
100 ## - MAIN ENTRY--PERSONAL NAME
Personal name GOSWAMI, PANKAJ.
245 ## - TITLE STATEMENT
Title PRASIN BHARATAR BIGYAN ARU PRAJUKTI BIDYA
260 ## - PUBLICATION, DISTRIBUTION, ETC.
Place of publication, distribution, etc. DIBRUGARH:
Name of publisher, distributor, etc. KAUSTABH PRINTERS,
Date of publication, distribution, etc. 2005.
300 ## - PHYSICAL DESCRIPTION
Extent 114:
Dimensions 21CM.
942 ## - ADDED ENTRY ELEMENTS (KOHA)
Koha item type Books
653 ## - INDEX TERM--UNCONTROLLED
Uncontrolled term Natural sciences & mathematics
Holdings
Withdrawn status Lost status Damaged status Not for loan Collection code Home library Current library Shelving location Date acquired Full call number Barcode Date last seen Copy number Price effective from Koha item type
        TBSOC Central Library and Information Centre Sibsagar Girls College Central Library and Information Centre Sibsagar Girls College Location Not Found 27.02.2020 500 GOS 20413 27.02.2020 1 27.02.2020 Books
        TBSOC Central Library and Information Centre Sibsagar Girls College Central Library and Information Centre Sibsagar Girls College Location Not Found 27.02.2020 500 GOS 20414 27.02.2020 2 27.02.2020 Books


Sibsagar Girl's College © 2020. All rights reserved.
Powered by Koha.
Maintained by Abhijit Borpuzari.